000 00256nam a2200109Ia 4500
008 190216s9999||||xx |||||||||||||| ||und||
100 _aGupta R L
245 0 _aAdvanced Accountancy
260 _bShree Mahavir Book Depot
_c1970
300 _a557p
942 _cBK
999 _c4404
_d4404